| 000 | 00411cam a2200169ua 4500 | ||
|---|---|---|---|
| 020 | _c12.80 | ||
| 041 |
_aeng _h |
||
| 082 |
_a823.308 _bMAU/MO |
||
| 100 | _aMaugham, Somerset W . | ||
| 245 |
_aMoon and six pence / _cSomerset W Maugham. _hTextual Documents |
||
| 260 |
_aLondon : _bHeinemann , _c1962. |
||
| 300 | _a252 ; . | ||
| 365 | _a12.80 | ||
| 504 | _a | ||
| 942 | _cBK | ||
| 999 |
_c12428 _d12428 |
||